Fortran IV : un enfoque moderno

Salvato in:
Dettagli Bibliografici
Autore principale: Vickers, Frank D.
Natura: Libro
Lingua:Spanish
Pubblicazione: México : Diana 1973.
Soggetti:
Tags: Aggiungi Tag
Nessun Tag, puoi essere il primo ad aggiungerne!!

MARC

LEADER 00000nam a2200000Ia 4500
003 001927
005 20221231143951.0
008 140114s1973 mx a 000 ||spa d
040 |c cru CEDI 
082 |a  001.642.4 V636f 
100 |a Vickers, Frank D.  |9 20969 
245 |a Fortran IV : un enfoque moderno  
260 |a  México : Diana  |c 1973. 
300 |a  221 páginas : ilustraciones 
500 |a  Titulo original : Fortran IV. A modern approach. 
650 |x FORTRAN IV (LENGUAJE DE PROGRAMACION PARA COMPUTADORA)  |9 20970 
942 |2 ddc  |c BK 
999 |c 14941  |d 14941